Name All The FNAF Foxy Characters - Statistics

General Stats
  • This quiz has been taken 29 times
    26 since last reset
  • The average score is 15 of 50
Answer Stats
Hint Answer % Correct
Funtime Funtime Foxy
100%
Toy Mangle
94%
Withered Withered Foxy
88%
Nightmare Nightmare Foxy
81%
Phantom Phantom Foxy
81%
Nightmare Nightmare Mangle
75%
Twisted Twisted Foxy
75%
Phantom Phantom Mangle
69%
Rockstar Rockstar Foxy
69%
Funtime Lolbit
63%
Balloon Balloon Foxy
50%
Circus Circus Foxy
50%
Classic Foxy the Pirate
50%
Puppet Puppet Foxy
50%
Blacklight Blacklight Foxy
44%
Glow Glow Foxy
44%
Glow Glow Mangle
44%
Bootleg Bootleg Foxy
38%
Halloween Grimm Foxy
38%
Prototype Prototype Foxy
38%
Colorway Colorway Foxy
31%
Scary Tales Skin Big Bad Foxy
25%
Circus Skin Magician Mangle
25%
Wasteland Skin Radioactive Foxy
25%
Circus Skin Ringmaster Foxy
25%
Aztec Skin Serpent Mangle
25%
Spring Colorway Spring Colorway Foxy
25%
Crimson Glow Crimson Glow Foxy
19%
Stitched Stitched Foxy
19%
Enemy Tangle
19%
Hardmode Burnt Foxy
13%
Hardmode Dark Foxy
13%
Blacklight Blacklight Funtime Foxy
6%
Tye-Dye Tie-Dye Foxy
6%
Enemy Xangle
6%
Enemy Bat Foxy
0%
Puppet Crew First Mate Foxy
0%
Enemy Foxbot
0%
Enemy F.O.X. Tank
0%
Enemy Foxy Coming for your Booty
0%
Enemy Franken-Foxy
0%
Holiday Gingerbread Foxy
0%
High School Years High School Toy Foxy
0%
Holiday Nutcracker Foxy
0%
Enemy Pogo Foxy
0%
Enemy Poison Foxy
0%
Enemy Punk Mangle
0%
Enemy Rocket Fox
0%
Hardmode Shadow Mangle
0%
Tye-Dye Tie-Dye Funtime Foxy
0%
No matching quizzes found
Score Distribution
Percent of People with Each Score
Percentile by Number Answered
Your Score History
You have not taken this quiz since the last reset